Movimientos Pokemon - Estadísticas

Estadísticas generales
  • Esta prueba ha sido intentada 120 veces
  • La puntuación promedio es 165 de 500
Estadísticas de respuestas
Pista Respuesta % Correcto
Eléctrico Rayo
89%
Normal Golpe
85%
Normal Placaje
85%
Volador Vuelo
85%
Normal Látigo
84%
Agua Surf
84%
Eléctrico Trueno
82%
Psíquico Psíquico
81%
Tierra Terremoto
81%
Fuego Ascuas
79%
Fuego Lanzallamas
77%
Normal Fuerza
74%
Siniestro Mordisco
74%
Hielo Rayo hielo
74%
Normal Corte
73%
Fuego Llamarada
71%
Normal Ataque rápido
70%
Fuego Puño fuego
70%
Normal Hiperrayo
68%
Agua Pistola agua
68%
Planta Látigo cepa
67%
Fantasma Bola sombra
66%
Eléctrico Impactrueno
66%
Volador Picotazo
66%
Hielo Puño hielo
66%
Normal Gruñido
64%
Agua Hidrobomba
64%
Normal Protección
64%
Sieniestro Triturar
64%
Hielo Ventisca
64%
Normal Canto
63%
Planta Hoja afilada
63%
Normal Cabezazo
60%
Dragón Danza dragón
60%
Normal Danza espada
60%
Fuego Día soleado
60%
Planta Drenadoras
60%
Fuego Fuego fatuo
60%
Planta Rayo solar
60%
Normal Arañazo
59%
Lucha Golpe roca
59%
Eléctrico Puño trueno
59%
Planta Somnífero
59%
Volador Tornado
59%
Veneno Tóxico
59%
Volador Ataque ala
58%
Agua Burbuja
58%
Psíquico Confusión
58%
Agua Buceo
56%
Planta Espora
56%
Tierra Excavar
56%
Planta Gigadrenado
56%
Agua Danza lluvia
55%
Normal Furia
55%
Hielo Granizo
55%
Eléctrico Onda trueno
55%
Planta Paralizador
55%
Agua Cascada
53%
Lucha Patada salto
53%
Tierra Púas
53%
Psíquico Descanso
52%
Dragón Garra dragón
52%
Normal Golpe cuerpo
52%
Normal Salpicadura
52%
Normal Autodestrucción
51%
Roca Avalancha
51%
Eléctrico Chispa
51%
Acero Cola férrea
51%
Roca Desenrrollar
51%
Fuego Giro fuego
51%
Agua HIdropulso
51%
Lucha A bocajarro
49%
Planta Absorber
49%
Tierra Ataque arena
49%
Veneno Bomba lodo
49%
Hielo Colmillo hielo
49%
Eléctrico Colmillo rayo
49%
Dragón Furia dragón
49%
Psíquico Hipnosis
49%
Planta Megaagotar
49%
Veneno Picotazo veneno
49%
Normal Recuperación
49%
Defensa férrea Defensa férrea
48%
Normal Doble equipo
48%
Planta Hoja aguda
48%
Roca Lanzarrocas
48%
Psíquico Psicorrayo
48%
Agua Rayo burbuja
48%
Roca Roca afilada
48%
Fantasma Maldición
47%
Bicho Picadura
47%
Fantasma Rayo confuso
47%
Bicho Tijera X
47%
Tierra Tormenta arena
47%
Acero Ala de acero
45%
Normal Explosión
45%
Siniestro Golpe bajo
45%
Normal Guillotina
45%
Veneno Púas tóxicas
45%
Siniestro Pulso umbrío
45%
Agua Torbellino
45%
Eléctrico Carga
44%
Psíquico Comesueños
44%
Dragón Cometa draco
44%
Normal Destello
44%
Dragón Dragoaliento
44%
Normal Malicioso
44%
Psíquico Paz mental
44%
Normal Rapidez
44%
Psíquico Reflejo
44%
Normal Rugido
44%
Normal Sorpresa
44%
Agua Acua jet
42%
Normal Bostezo
42%
Psíquico Cabezazo zen
42%
Eléctrico Chispazo
42%
Lucha Demolición
42%
Bicho Disparo demora
42%
Normal Gigaimpacto
42%
Normal Golpe cabeza
42%
Fantasma Lengüetazo
42%
Volador Pájaro osado
42%
Lucha Patada salto alta
42%
Veneno Polvo veneno
42%
Psíquico Psicoonda
42%
Dragón Pulso dragón
42%
Fuego Rueda fuego
42%
Normal Treparrocas
42%
Normal Velocidad extrema
42%
Hielo Alud
41%
Volador Bote
41%
Fuego Colmillo ígneo
41%
Lucha Detección
41%
Fuego Envite ígneo
41%
Volador Golpe aéreo
41%
Agua Hidrocañón
41%
Normal Pisotón
41%
Roca Trampa rocas
41%
Normal Transformación
41%
Normal Triataque
41%
Agua Acua cola
40%
Normal Cuchillada
40%
Normal Derribo
40%
Lucha Esfera aural
40%
Tierra Fisura
40%
Planta Hoja mágica
40%
Siniestro Ladrón
40%
Psíquico Pantalla luz
40%
Eléctrico Placaje eléctrico
40%
Lucha Puño drenaje
40%
Agua Salpicar
40%
Eléctrico Bola voltio
38%
Tierra Chapoteo lodo
38%
Lucha Doble patada
38%
Normal Encanto
38%
Psíquico Espacio raro
38%
Fantasma Garra umbría
38%
Normal Golpes furia
38%
Normal Megapuño
38%
Normal Metrónomo
38%
Fantasma Mismo destino
38%
Hielo Niebla
38%
Fuego Nitrocarga
38%
Eléctrico Onda voltio
38%
Planta Síntesis
38%
Tierra Disparo lodo
37%
Dragón Enfado
37%
Acero Garra metal
37%
Lucha Golpe kárate
37%
Planta Lluevehojas
37%
Tierra Magnitud
37%
Psíquico Manto espejo
37%
Siniestro Mofa
37%
Fuego Patada ígnea
37%
Acero Puño bala
37%
Hielo Rayo aurora
37%
Fantasma Tinieblas
37%
Volador Aire afilado
36%
Bicho Chupavidas
36%
Veneno Colmillo veneno
36%
Bicho Corte furia
36%
Normal Doble bofetón
36%
Normal Doble filo
36%
Normal Doble golpe
36%
Normal Fortaleza
36%
Hielo Frío polar
36%
Bicho Ida y vuelta
36%
Normal Megapatada
36%
Roca Pedrada
36%
Volador Pico taladro
36%
Acero Puño meteoro
36%
Tierra Tierra viva
36%
Roca Tumba rocas
36%
Lucha Ultrapuño
36%
Hielo Viento hielo
36%
Fuego Anillo ígneo
34%
Bicho Danza aleteo
34%
Normal Deseo
34%
Acero Foco resplandor
34%
Fuego Fuego sagrado
34%
Roca Poder pasado
34%
Veneno Puya nociva
34%
Normal Sonámbulo
34%
Normal Sustituto
34%
Normal Venganza
34%
Psíquico Agilidad
33%
Normal Ataque furia
33%
Normal Batido
33%
Tierra Bofetón lodo
33%
Normal Canto mortal
33%
Volador Danza pluma
33%
Planta Energibola
33%
Normal Destructor
33%
Planta Latigazo
33%
Lucha Movimiento sísmico
33%
Hielo Neblina
33%
Lucha Patada baja
33%
Lucha Puño certero
33%
Normal Rizo defensa
33%
Agua Salmuera
33%
Normal Tragar
33%
Volador Viento afín
33%
Volador Ataque aéreo
32%
Normal Atracción
32%
Normal Aullido
32%
Psíquico Barrera
32%
Normal Chirrido
32%
Dragón Ciclón
32%
Normal Escupir
32%
Normal Luz lunar
32%
Planta Mazazo
32%
Bicho Pin misil
32%
Planta Recurrente
32%
Normal Reducción
32%
Volador Respiro
32%
Normal Ronquido
32%
Fuego Sofoco
32%
Acero Cabezahierro
30%
Hielo Canto helado
30%
Hielo Carámbano
30%
Normal Cornada
30%
Normal Día de pago
30%
Normal Falso tortazo
30%
Siniestro Finta
30%
Lucha Fuerza bruta
30%
Normal Giro rápido
30%
Agua Hidrochorro
30%
Hielo Nieve polvo
30%
Lucha Onda certera
30%
Planta Planta feroz
30%
Normal Poder oculto
30%
Lucha Puño dinámico
30%
Fantasma Sombra vil
30%
Siniestro Tajo umbrío
30%
Bicho Zumbido
30%
Agua Acua aro
29%
Tierra Bomba fango
29%
Siniestro Brecha negra
29%
Normal Contoneo
29%
Dragón Distorsión
29%
Normal Esquema
29%
Fantasma Golpe umbrío
29%
Siniestro Juego sucio
29%
Normal Mal de ojo
29%
Siniestro Maquinación
29%
Normal Pantallahumo
29%
Normal Perforador
29%
Siniestro Persecución
29%
Normal Remolino
29%
Normal Sentencia
29%
Normal Supersónico
29%
Volador Tajo aéreo
29%
Psíquico Teletransporte
29%
Siniestro Vendetta
29%
Volador Aerochorro
27%
Agua Agua lodosa
27%
Roca Antiaéreo
27%
Hielo Bola hielo
27%
Normal Cara susto
27%
Dragón Carga dragón
27%
Lucha Corpulencia
27%
Planta Danza pétalo
27%
Veneno Lanzamugre
27%
Agua Martillazo
27%
Lucha Onda vacío
27%
Psíquico Psicocorte
27%
Fantasma Puño sombra
27%
Agua Refugio
27%
Lucha Tajo cruzado
27%
Veneno Ácido
26%
Bicho A defender
26%
Bicho Al ataque
26%
Planta Arraigo
26%
Normal Beso dulce
26%
Tierra Bucle arena
26%
Lucha Contador
26%
Fuego Estallido
26%
Normal Hipercolmillo
26%
Normal Imagen
26%
Fantasma Impresionar
26%
Lucha Machada
26%
Fuego Onda ígnea
26%
Volador Picoteo
26%
Psicocarga Psicocarga
26%
Roca Pulimento
26%
Normal Reserva
26%
Veneno Residuos
26%
Lucha Triple patada
26%
Veneno Veneno X
26%
Normal Vozarrón
26%
Normal Aguante
25%
Normal Amortiguador
25%
Normal Bomba sónica
25%
Lucha Desquite
25%
Veneno Gas venenoso
25%
Tierra Huesomerang
25%
Fuego Humareda
25%
Psíquico Intercambio
25%
Roca Joya de luz
25%
Bicho Megacuerno
25%
Normal Puño mareo
25%
Normal Relajo
25%
Normal Superdiente
25%
Psíquico Truco
25%
Psíquico Amnesia
23%
Planta Aromaterapia
23%
Planta Bomba germen
23%
Planta Brazo pincho
23%
Normal Conversión
23%
Normal Copión
23%
Acero Cuerpo pesado
23%
Normal Danza caos
23%
Siniestro Desarme
23%
Acero Giro bola
23%
Normal Otra vez
23%
Psíquico Paranormal
23%
Fuego Pirotecnia
23%
Normal Portazo
23%
Psíquico Psicoataque
23%
Lucha Puntapié
23%
Eléctrico Rayo carga
23%
Normal Restricción
23%
Planta Silbato
23%
Bicho Telaraña
23%
Siniestro Afilagarras
22%
Normal Agarre
22%
Normal Atadura
22%
Normal Azote
22%
Normal Beso amoroso
22%
Veneno Bilis
22%
Normal Desarrollo
22%
Bicho Doble rayo
22%
Eléctrico Electrocañón
22%
Lucha Empujón
22%
Planta Hierba lazo
22%
Psíquico Kinético
22%
Normal Mimético
22%
Sniestro Paliza
22%
Lucha Palmeo
22%
Veneno Polución
22%
Psíquico Premonición
22%
Agua Pulpo cañón
22%
Normla Refuerzo
22%
Normal Tambor
22%
Normal Velo sagrado
22%
Planta Abatidoras
21%
Normal Acupresión
21%
Normal Afilar
21%
Normal Alboroto
21%
Veneno Armadura ácida
21%
Normal Ayuda
21%
Psíquico Bola neblina
21%
Psíquico Cerca
21%
Veneno Cola veneno
21%
Normal Conversión2
21%
Psíquico Danza lunar
21%
Normal Deslumbrar
21%
Normal Divide dolor
21%
Acero Eco metálico
21%
Siniestro Embargo
21%
Normal Fijar blanco
21%
Normal Foco energía
21%
Planta Fogonazo
21%
Eléctrico Levitón
21%
Psíquico Masa cósmica
21%
Veneno Onda tóxica
21%
Fanstasma Pesadilla
21%
Roca Testarazo
21%
Normal Viento cortante
21%
Bicho Viento plata
21%
Normal Antojo
19%
Normal As oculto
19%
Bicho Auxilio
19%
Normal Bloqueo
19%
Normal Bomba huevo
19%
Acero Bomba imán
19%
Normal Campana cura
19%
Normal Daño secreto
19%
Normal Dulce aroma
19%
Normal Esfuerzo
19%
Normal Estrujón
19%
Fuego Lluvia ígnea
19%
Normal Meteorobola
19%
Normal Presente
19%
Bicho Ráfaga
19%
Siniestro Robo
19%
Normal Sol matinal
19%
Psíquico Telequinesis
19%
Fantasma Viento aciago
19%
Normal Agarrón
18%
Normal Alivio
18%
Normal Anulación
18%
Tierra Ataque óseo
18%
Veneno Bomba ácida
18%
Psíquico Cambiadefensa
18%
Siniestro Camelo
18%
Normal Combate
18%
Acero Deseo oculto
18%
Bicho Doble ataque
18%
Lucha Espabila
18%
Tierra Hueso palo
18%
Psíquico Meditación
18%
Normal Profecía
18%
Normal Puño cometa
18%
Normal Relevo
18%
Psíquico Resplandor
18%
Roca Romperrocas
18%
Normal Señuelo
18%
Lucha Sumisión
18%
Acero Aligerar
16%
Siniestro Buena baza
16%
Normal Canon
16%
Volador Despejar
16%
Acero Disparo espejo
16%
Normal Eco voz
16%
Normal Frustración
16%
Normal Garra brutal
16%
Psíquico Gravedad
16%
Siniestro Lanzamiento
16%
Bicho Polvo ira
16%
Fantasma Rencor
16%
Normal Repetición
16%
Acero Represión metal
16%
Normal Retroceso
16%
Lucha Tiro vital
16%
Siniestro Tormento
16%
Normal Última baza
16%
Roca Vasta guardia
16%
Psíquico Cambiaalmas
15%
Psíquico Cambiafuerza
15%
Normal Camuflaje
15%
Veneno Carga tóxica
15%
Veneno Enrosque
15%
Veneno Niebla clara
15%
Siniestro Rabia
15%
Normal Rastreo
15%
Normal Telépata
15%
Agua Tenaza
15%
Normal Yo primero
15%
Normal Adaptación
14%
Normal Cede paso
14%
Volador Cháchara
14%
Normal Clavo cañón
14%
Normal Danza amiga
14%
Normal Don natural
14%
Planta Esporagodón
14%
Lucha Gancho alto
14%
Siniestro Legado
14%
Psíquico Psicocambio
14%
Normal Reciclaje
14%
Normal Seducción
14%
Normal Amago
12%
Siniestro Castigo
12%
Normal Conjuro
12%
Normal Cosquillas
12%
Psíquico Imitación
12%
Siniestro Llanto falso
12%
Volador Movimiento espejo
12%
Psíquico Poder reserva
12%
Normal Presa
12%
Siniestro Trapicheo
12%
Psíquico Truco fuerza
12%
Psíquico Zona extraña
12%
Normal Autosugestión
11%
Psíquico Capa mágica
11%
Lucha Inversión
11%
Psíquico Isofuerza
11%
Lucha Llave corsé
11%
Lucha Patada giro
11%
Psíquico Deseo cura
10%
Agua Empapar
10%
Normal Estímulo
8%
Normal Guardia baja
8%
Psíquico Zona mágica
8%
Psíquico Anticura
7%
Psíquico Gran ojo
7%
Normal Onda simple
7%
Psíquico Sincrorruido
7%
Dragón Golpe vacío
5%
Psíquico Isoguardia
3%
No se encontraron pruebas coincidentes
Distribución de puntuación
Porcentaje de gente con cada puntuación
Porcentaje por número respondido
Historial de tus puntuaciones
No has intentado esta prueba.